<?xml version="1.0" encoding="UTF-8"?><?xml-stylesheet type="text/xsl" href="static/style.xsl"?><OAI-PMH xmlns="http://www.openarchives.org/OAI/2.0/" xmlns:xsi="http://www.w3.org/2001/XMLSchema-instance" xsi:schemaLocation="http://www.openarchives.org/OAI/2.0/ http://www.openarchives.org/OAI/2.0/OAI-PMH.xsd"><responseDate>2026-04-17T00:53:28Z</responseDate><request verb="GetRecord" identifier="oai:www.recercat.cat:10256/18731" metadataPrefix="marc">https://recercat.cat/oai/request</request><GetRecord><record><header><identifier>oai:recercat.cat:10256/18731</identifier><datestamp>2025-02-28T00:54:55Z</datestamp><setSpec>com_2072_452955</setSpec><setSpec>com_2072_2054</setSpec><setSpec>col_2072_452961</setSpec></header><metadata><record xmlns="http://www.loc.gov/MARC21/slim" xmlns:dcterms="http://purl.org/dc/terms/" xmlns:xsi="http://www.w3.org/2001/XMLSchema-instance" xmlns:doc="http://www.lyncode.com/xoai" xsi:schemaLocation="http://www.loc.gov/MARC21/slim http://www.loc.gov/standards/marcxml/schema/MARC21slim.xsd">
   <leader>00925njm 22002777a 4500</leader>
   <datafield ind2=" " ind1=" " tag="042">
      <subfield code="a">dc</subfield>
   </datafield>
   <datafield ind2=" " ind1=" " tag="720">
      <subfield code="a">Alsina, Àngel</subfield>
      <subfield code="e">author</subfield>
   </datafield>
   <datafield ind2=" " ind1=" " tag="720">
      <subfield code="a">Franco Seguí, Joan</subfield>
      <subfield code="e">author</subfield>
   </datafield>
   <datafield ind2=" " ind1=" " tag="260">
      <subfield code="c">2020-11-26</subfield>
   </datafield>
   <datafield ind2=" " ind1=" " tag="520">
      <subfield code="a">The design, construction and validation of an inclusive teaching fractions itinerary for 5th grade of&#xd;
Primary Education (10-11 years) is described, both for students with learning difficulties and with mathematical&#xd;
talent. The itinerary, which has been designed based on the Mathematics Teaching Itineraries Approach (EIEM, by&#xd;
its acronym in Spanish), has been validated by 7 experts and 14 in-service Primary Education’ teachers, who have&#xd;
also valued the effectiveness of the itinerary to attend to the diversity. On the one hand, both experts and in-service&#xd;
teachers have proposed changes in the correspondence, formulation and relevance of the itinerary activities; on the&#xd;
other hand, the teachers have considered that the activities allow addressing diversity. It is concluded that this tool&#xd;
contributes to developing the mathematical competence of all students, based on the basis that to empower this&#xd;
competence it is necessary to diversify the teaching-learning contexts</subfield>
   </datafield>
   <datafield ind2=" " ind1=" " tag="520">
      <subfield code="a">Se describe el diseño, construcción y validación de un itinerario inclusivo de enseñanza de las fracciones para 5º de Educación Primaria (10-11 años), tanto para alumnado con dificultades de aprendizaje como con talento matemático. El itinerario, que se ha diseñado con base en el Enfoque de los Itinerarios de Enseñanza de las Matemáticas (EIEM), ha sido validado por 7 expertos y 14 maestros y maestras en activo, que han valorado también la eficacia del itinerario para atender la diversidad. Por un lado, tanto los expertos como el profesorado han propuesto cambios sobre la correspondencia, la formulación y la pertinencia de las actividades del itinerario; por otro lado, el profesorado ha considerado que las actividades permiten atender la diversidad. Se concluye que esta herramienta contribuye a desarrollar la competencia matemática de todo el alumnado, partiendo de la base que para empoderar esta competencia se requiere diversificar los contextos de enseñanza-aprendizaje</subfield>
   </datafield>
   <datafield ind2=" " ind1=" " tag="520">
      <subfield code="a">Descreve-se o desenho, construção e validação de um itinerário inclusivo para o ensino de frações para o 5º ano do Ensino Básico (10-11 anos), tanto para alunos com dificuldades de aprendizagem como com talento matemático. O itinerário, que foi elaborado com base na Abordagem de Itinerários de Ensino de Matemática (EIEM, por sua sigla em espanhol), foi validado por 7 especialistas e 14 professores do Ensino Fundamental, que também avaliaram a eficácia do itinerário para atender aos diversidade. Por um lado, tanto especialistas como professores propõem mudanças na correspondência, formulação e relevância das atividades do itinerário; por outro lado, os professores consideram que as atividades permitem abordar a diversidade. Conclui-se que esta ferramenta contribui para o desenvolvimento da competência matemática de todos os alunos, partindo do princípio que para potencializar esta competência é necessário diversificar os contextos de ensino-aprendizagem</subfield>
   </datafield>
   <datafield tag="653" ind2=" " ind1=" ">
      <subfield code="a">Educació inclusiva</subfield>
   </datafield>
   <datafield tag="653" ind2=" " ind1=" ">
      <subfield code="a">Inclusive education</subfield>
   </datafield>
   <datafield tag="653" ind2=" " ind1=" ">
      <subfield code="a">Matemàtica -- Ensenyament -- Educació primària</subfield>
   </datafield>
   <datafield tag="653" ind2=" " ind1=" ">
      <subfield code="a">Mathematics -- Study and teaching (Primary)</subfield>
   </datafield>
   <datafield tag="653" ind2=" " ind1=" ">
      <subfield code="a">Didàctica</subfield>
   </datafield>
   <datafield tag="653" ind2=" " ind1=" ">
      <subfield code="a">Teaching</subfield>
   </datafield>
   <datafield tag="653" ind2=" " ind1=" ">
      <subfield code="a">Atenció a la diversitat</subfield>
   </datafield>
   <datafield ind2="0" ind1="0" tag="245">
      <subfield code="a">Promoviendo la educación matemática inclusiva desde el Enfoque de los Itinerarios de Enseñanza de las Matemáticas: el caso de las fracciones</subfield>
   </datafield>
</record></metadata></record></GetRecord></OAI-PMH>